Country Houses of France

Salvato in:
Dettagli Bibliografici
Autori principali: Stoeltie, Barbara (Autore), Stoeltie, René (Autore)
Natura: Libro
Lingua:inglese
Pubblicazione: Koln : Taschen
Soggetti:
Tags: Aggiungi Tag
Nessun Tag, puoi essere il primo ad aggiungerne!!

MARC

LEADER 00000nam a22000003a 4500
001 stu52543
005 20150617225706.7
008 000313s----------------------------eng-d
020 |a 3822870757 
040 |a STU  |b slo 
041 0 |a eng 
100 1 |a Stoeltie, Barbara  |4 aut 
245 1 |a Country Houses of France 
260 |a Koln :  |b Taschen 
300 |a 184 s 
650 7 |a architektúra francúzska  |2 stusub 
650 7 |a interiér nábytkový  |2 stusub 
650 7 |a dom radový  |2 stusub 
650 7 |a dom individuálny  |2 stusub 
650 7 |a dom rekreačný  |2 stusub 
650 7 |a Chaty  |2 stusub 
650 7 |a chalupy  |2 stusub 
700 1 |a Stoeltie, René  |4 aut 
996 |b 284AU00316  |c A*3367 U  |l AAKNAR  |s A  |a 24  |w stu52543_0001